Random flags of African countries - Statistics

General Stats
  • This quiz has been taken 59 times
  • The average score is 7 of 8
Answer Stats
Picture Answer % Correct
South Africa
96%
Egypt
94%
Morocco
92%
Algeria
90%
Ethiopia
90%
Libya
88%
Liberia
86%
Ghana
80%
No matching quizzes found
Score Distribution
Percent of People with Each Score
Percentile by Number Answered
Your Score History
You have not taken this quiz